[Event "Charlotte Open 2020"]
[Site "Charlotte"]
[Date "2020.01.02"]
[Round "1.1"]
[White "Guo, Arthur"]
[Black "Lenderman, Aleksandr"]
[Result "0-1"]
[WhiteElo "2301"]
[BlackElo "2638"]
[Annotator "TA"]
[PlyCount "84"]
[EventDate "2020.01.02"]
[EventType "swiss"]
[EventCountry "USA"]
[SourceTitle "playchess.com"]
[Source "ChessBase"]
[SourceQuality "1"]

{[%evp 11,84,41,53,47,45,36,29,25,51,5,9,4,18,12,61,22,23,-16,-9,-2,-12,-6,23,22,23,12,22,23,25,0,0,-7,0,-8,0,0,0,0,-2,-3,6,-10,0,0,0,0,0,-10,0,-40,-33,-80,-81,-75,-65,-160,-32,-224,-206,-236,-226,-221,-254,-279,-268,-277,-294,-308,-267,-335,-318,-390,-372,-353,-345]} 1. e4 c6 2. Nf3 d5 3. Nc3 g6 4. d4 Bg7 5. Be2 Bg4 6. Be3 e6 7. Qd2 {B15: Caro-Kann: 3 Nc3: 3...g6 and 3...dxe4 4 Nxe4 Nf6 5 Nxf6+ exf6} (7. h3 Bxf3 8. Bxf3 Nd7 9. O-O Ne7 10. Re1 O-O 11. Bg5 Re8 12. Qd2 Nb6 13. Rad1 Nc4 14. Qc1 f6 {1-0 (48) Low,Z (2377)-Studer,N (2494) Lienz 2019}) 7... Nd7 8. h3 Bxf3 $1 9. Bxf3 {White has an edge.} Ne7 10. Bh6 Bxh6 11. Qxh6 Qa5 $146 ({Predecessor:} 11... Qb6 12. Qe3 O-O-O 13. O-O-O Rhf8 14. Qh6 Qc7 {0-1 (37) Hui,S (1982)-Le,T (2208) Ho Chi Minh City 2003}) 12. O-O Qb4 13. Qd2 (13. Rfd1 {seems wilder.} O-O-O 14. Rab1 dxe4 15. a3 Qb6 16. Nxe4 Nf5 17. Qc1) 13... dxe4 14. Nxe4 (14. a3 {feels hotter.} Qa5 15. b4 Qc7 16. Nxe4 O-O 17. c4) 14... Qxd2 15. Nxd2 O-O-O 16. Nc4 {[#] Nd6+ is the strong threat.} Nb6 17. Ne5 Rhf8 18. c3 Nf5 19. Rfe1 Kc7 20. Rad1 a5 21. Bg4 Nd6 22. b3 Nd5 23. Rc1 h5 24. Bf3 Nf4 25. Be2 Nf5 26. Nc4 Ra8 27. Bf1 h4 28. a4 g5 29. Ne5 Rae8 30. Red1 Nd6 31. c4 Nf5 32. Nf3 f6 33. b4 ({White should try} 33. Rb1 $15) 33... Rg8 ({Black should play} 33... axb4 $17 {aiming for ...Ra8.} 34. Rb1 e5 35. dxe5 c5 36. exf6 Rxf6) 34. Nh2 $2 (34. b5 $15) 34... axb4 $19 35. Ng4 Rd8 36. Nxf6 Rg6 37. Ng4 Nxd4 ({Don't take} 37... Rxd4 38. Ra1 $19) 38. Re1 c5 39. Ne5 Rg7 40. g3 Ng6 {[#] White must now prevent ...Nxe5.} 41. Nxg6 {Black should prevent Ne5.} Rxg6 42. Bg2 g4 {Accuracy: White = 30%, Black = 64%.} 0-1

[Event "Charlotte Open 2020"]
[Site "Charlotte"]
[Date "2020.01.02"]
[Round "1.2"]
[White "Ali Marandi, Cemil Can"]
[Black "Ezra Paul Chambers"]
[Result "1-0"]
[WhiteElo "2537"]
[BlackElo "2265"]
[Annotator "TA"]
[PlyCount "37"]
[EventDate "2020.01.02"]
[EventType "swiss"]
[EventCountry "USA"]
[SourceTitle "playchess.com"]
[Source "ChessBase"]
[SourceQuality "1"]

{[%evp 21,37,47,56,28,141,135,407,421,407,408,629,636,635,600,591,566,596,595]} 1. d4 d5 2. c4 c6 3. cxd5 cxd5 4. Nf3 Nf6 5. Nc3 Nc6 6. Bf4 a6 7. Ne5 e6 8. Rc1 Bd7 9. e3 Be7 10. Bd3 O-O 11. O-O Rc8 12. Qf3 {D13: Slav Defence: Exchange variation without ...Bf5} Na5 (12... Nxe5 $11 13. dxe5 Ne8) (12... Nxe5 13. dxe5 Ne8 14. Rfd1 Qa5 15. Bb1 f5 16. exf6 Nxf6 17. Be5 Qb4 18. Qh3 h6 19. Rc2 Qg4 20. Qxg4 Nxg4 {1-0 (63) Rakhmanov,A (2662)-Bologan,V (2640) Sochi 2016}) 13. Qh3 $16 {Hoping for Nxd5!} Nc4 $2 {[%mdl 8192] [#]} (13... g6 $16 14. a3 Bc6) 14. Nxd5 $146 {[%mdl 512] White is winning.} ({Predecessor:} 14. Bg5 g6 15. b3 Nxe5 16. dxe5 Nh5 17. Bxe7 Qxe7 18. Be2 Ng7 19. Rfd1 Bc6 {0-1 (27) Kulikova,E (1906)-Baraeva,I (2187) Astrakhan 2013}) 14... exd5 15. Nxd7 Re8 (15... h6 $142 16. Nxf8 Bxf8) 16. Nxf6+ {White is clearly winning.} Bxf6 17. Bxh7+ Kf8 18. Bf5 Rc6 19. Bd7 {[%mdl 64] Double Attack} 1-0

[Event "Charlotte Open 2020"]
[Site "Charlotte"]
[Date "2020.01.02"]
[Round "1.3"]
[White "Kolay, Alex"]
[Black "Chandra, Akshat"]
[Result "0-1"]
[WhiteElo "2261"]
[BlackElo "2524"]
[Annotator "TA"]
[PlyCount "48"]
[EventDate "2020.01.02"]
[EventType "swiss"]
[EventCountry "USA"]
[SourceTitle "playchess.com"]
[Source "ChessBase"]
[SourceQuality "1"]

{[%evp 10,58,31,28,38,32,44,21,14,-10,-9,-36,-12,-21,37,-77,-85,-52,0,0,16,-16,-4,-24,-20,0,0,-77,-85,-83,-53,-89,-95,-432,-226,-422,-182,-525,-274,-813,-770,-869,-830,-1813,-1866,-1691,-776,-5170,-5121,-5129,-2969]} 1. d4 Nf6 2. c4 e6 3. Nf3 Bb4+ 4. Nbd2 O-O 5. a3 Be7 6. e4 d6 {E11: Bogo-Indian} 7. Be2 a5 (7... Nbd7 8. Qc2 c5 9. d5 e5 10. Nf1 a6 11. Ng3 g6 12. O-O Ne8 13. b4 Ng7 14. Bh6 {1-0 (53) Karjakin,S (2750)-Carlsen,M (2882) Saint Louis 2019}) 8. b3 e5 {The position is equal.} 9. d5 Nbd7 10. Qc2 Nc5 11. Bb2 $146 ({Predecessor:} 11. O-O Bd7 12. Rb1 g6 13. Re1 c6 14. b4 axb4 15. axb4 {1-0 (51) Jasny,S (2362)-Worek,J (2298) Czech Republic 2018}) 11... Nh5 (11... Qe8 $11) 12. g3 (12. b4 $1 $14 axb4 13. axb4 Rxa1+ 14. Bxa1) 12... f5 $1 $17 13. Nxe5 Nxg3 ({Better is} 13... dxe5 $15 14. Bxh5 fxe4) 14. hxg3 $11 {Strongly threatening Nef3.} dxe5 15. Bxe5 fxe4 16. Qc3 $1 Rf7 17. Bd4 Bf5 18. Bh5 (18. O-O $11) 18... Nd3+ $17 19. Kd1 {[#]} Qf8 $1 20. Bxf7+ Qxf7 21. b4 $2 {[%mdl 8192] [#]} (21. g4 $17 {is more resistant.} Bxg4+ 22. Kc2) 21... Qg6 (21... e3 $142 $1 {[%mdl 512]} 22. fxe3 (22. Bxe3 Bf6) 22... Nf2+ 23. Kc1 Nxh1) 22. Re1 $2 ({Reject} 22. bxa5 e3 $17) (22. Kc2 Nxf2 23. Rhg1) 22... Qh5+ (22... Nxe1 $2 23. Kxe1 e3 24. Qxe3 $19) (22... Bg4+ $142 23. f3 Nxe1 24. fxg4 Ng2) 23. Re2 $2 (23. g4 {was the crucial defense.} Bxg4+ 24. Kc2 axb4 25. axb4 Rxa1 26. Qxa1 Nxe1+ 27. Qxe1) 23... Bf8 24. Nf1 $2 (24. bxa5 c5 25. dxc6 bxc6 26. g4 Bxg4 27. f3 Bxf3 28. Nxf3 Qxf3 29. Qd2) 24... axb4 {Played: Bf5-g4} 0-1

[Event "Charlotte Open 2020"]
[Site "Charlotte"]
[Date "2020.01.02"]
[Round "1.4"]
[White "Tang, Andrew"]
[Black "Paul, Justin"]
[Result "1-0"]
[WhiteElo "2511"]
[BlackElo "2270"]
[Annotator "TA"]
[PlyCount "125"]
[EventDate "2020.01.02"]
[EventType "swiss"]
[EventCountry "USA"]
[SourceTitle "playchess.com"]
[Source "ChessBase"]
[SourceQuality "1"]

{[%evp 13,125,45,43,41,43,42,42,34,23,40,53,64,57,60,51,58,47,48,59,24,68,28,39,38,32,37,44,43,62,68,79,79,68,75,67,67,73,79,79,70,64,59,106,87,128,128,128,124,144,145,152,128,152,121,112,123,134,132,168,138,168,175,179,166,204,197,203,187,203,203,203,202,296,288,261,256,264,241,239,229,232,231,195,180,358,293,508,829,602,545,12837,729,12837,12837,12837,12838,12838,12839,12838,12839,12840,12840,12839,12839,12843,12843,12844,12844,12845,12845,12845,12845,12845,12846]} 1. d4 d5 2. c4 c6 3. Nf3 Nf6 4. e3 Bf5 ({Predecessor:} 4... Bg4 5. h3 Bh5 6. Nc3 e6 7. g4 Bg6 8. Ne5 Nfd7 9. Nxg6 hxg6 10. Qc2 Nf6 11. g5 Ng8 12. Qb3 {0-1 (40) Sonntag,H (2346)-Van der Stricht,G (2333) Belgium 2018}) 5. Nc3 e6 6. Nh4 Bg4 7. Qb3 Qc7 8. h3 $146 {D12: Slav Defence: 3 Nf3 Nf6 4 e3 Bf5} (8. Bd2 Bh5 9. Rc1 dxc4 10. Bxc4 Be7 11. h3 Qb6 12. g3 Nbd7 13. O-O Nd5 14. Ng2 Bg6 15. f3 O-O {½-½ (48) Aronian,L (2781)-Vallejo Pons,F (2705) Linares 2010}) 8... Bh5 9. g4 Bg6 10. Nxg6 {White is slightly better.} hxg6 11. g5 Ng8 12. Bd2 Nd7 {[%cal Bb8d7,Bd7b6,Bb6c4][%mdl 32]} 13. O-O-O Ne7 14. Kb1 Nf5 15. cxd5 exd5 16. Bd3 Be7 17. Qc2 (17. h4 $5) 17... Nb6 $1 18. Bxf5 gxf5 19. Qxf5 g6 20. Qg4 Nc4 21. Bc1 Bb4 22. Ne2 Qd7 23. e4 Qxg4 24. hxg4 Rxh1 25. Rxh1 dxe4 26. Rh8+ Bf8 27. Nc3 O-O-O 28. Nxe4 Be7 29. Rxd8+ Kxd8 $16 {[%mdl 4096] Endgame KBN-KBN} 30. Kc2 Kd7 31. Kd3 Nb6 32. f4 Nd5 33. a3 Ke6 34. Ng3 Bd6 35. Ke4 Bc7 {[#]} 36. f5+ $1 Kd7 37. Ne2 Bd8 38. Ng1 Bc7 39. Nf3 Ke7 40. Bd2 Bd6 41. Ne5 a6 42. Be1 ({Don't do} 42. fxg6 $6 Bxe5 43. Kxe5 fxg6 $16) 42... gxf5+ (42... Bc7 $142 43. Bd2 (43. fxg6 Bxe5 44. Kxe5 fxg6 $16) 43... Bb8) 43. gxf5 $18 Bc7 44. Bh4 {Hoping for g6+.} Ke8 45. g6 fxg6 46. fxg6 {White threatens g7 and mate.} Kf8 47. Kf5 Kg7 48. Bg5 Bd6 $2 (48... Bb6) 49. Ng4 a5 $2 (49... Be7 {was worth a try.} 50. Bh6+ Kg8) 50. Bf6+ {White is clearly winning.} Nxf6 51. Nxf6 {KB-KN} Bb8 52. Nh5+ (52. a4 $142 Kh8 53. Ne4) 52... Kg8 53. a4 Ba7 54. d5 cxd5 {[#]} 55. Nf6+ $1 Kg7 56. Nxd5 Bd4 57. b3 Kf8 58. Nf4 {Threatening mate with Ne6+.} Ke7 59. Ne6 Bc3 60. g7 Bxg7 61. Nxg7 Kd6 62. Ke4 Kc5 63. Ne6+ {Accuracy: White = 88%, Black = 37%.} 1-0

[Event "Charlotte Open 2020"]
[Site "Charlotte"]
[Date "2020.01.02"]
[Round "1.5"]
[White "Moon, Benjamin"]
[Black "Iotov, Valentin"]
[Result "1/2-1/2"]
[WhiteElo "2237"]
[BlackElo "2516"]
[Annotator "TA"]
[PlyCount "70"]
[EventDate "2020.01.02"]
[EventType "swiss"]
[EventCountry "USA"]
[SourceTitle "playchess.com"]
[Source "ChessBase"]
[SourceQuality "1"]

{[%evp 9,70,0,0,1,10,11,11,0,8,0,0,0,0,-7,0,0,0,-1,0,-10,-12,-9,-15,-37,0,0,0,0,0,0,0,0,0,0,0,-9,0,-10,-14,-13,-20,-16,-21,-14,-8,-16,0,-27,-15,-10,-10,-8,0,-22,0,0,2,0,7,0,0,-13,0]} 1. d4 d5 2. Bf4 c5 3. e3 Nc6 4. Nf3 (4. c3 Bf5 5. Nd2 e6 6. Qb3 Qd7 7. Ngf3 c4 8. Qd1 Nf6 9. Be2 Be7 10. h3 h6 11. O-O b5 12. a4 {½-½ (52) Matuszewski,M (2518)-Wojtaszek,R (2739) Katowice 2019}) 4... Bg4 5. Be2 e6 6. Nbd2 {D00: 1 d4 d5: Unusual lines} Nf6 7. O-O Rc8 8. c3 Bd6 9. dxc5 Bxc5 10. h3 Bh5 11. Ne5 Bxe2 12. Qxe2 O-O $146 ({Predecessor:} 12... Nxe5 13. Bxe5 {½-½ (25) Rachela,M (2329)-Lipka,J (2388) Slovakia 2005}) 13. Nxc6 Rxc6 14. Bg5 h6 15. Bh4 Be7 16. e4 dxe4 17. Bxf6 Bxf6 18. Nxe4 Be7 19. Rfd1 Qc7 20. Rd3 Rd8 21. Rxd8+ Qxd8 22. Rd1 Qc7 23. Qd3 f5 24. Ng3 Rd6 25. Qe2 Rxd1+ 26. Qxd1 Bc5 {[#] And now ...Qxg3 would win.} 27. Nf1 Qe5 28. Qd2 Qe4 29. a3 {The position is equal.} Bb6 30. Ng3 Qh4 {[#] Threatens to win with ...Qxg3.} 31. Nf1 Kh7 32. Qe2 e5 33. g3 Qf6 34. Ne3 Qe6 35. Qd3 Bxe3 {Accuracy: White = 55%, Black = 51%.} 1/2-1/2

[Event "Charlotte Open 2020"]
[Site "Charlotte"]
[Date "2020.01.02"]
[Round "1.6"]
[White "Ringoir, Tanguy"]
[Black "Yanayt, Eugene"]
[Result "1-0"]
[WhiteElo "2501"]
[BlackElo "2216"]
[Annotator "TA"]
[PlyCount "77"]
[EventDate "2020.01.02"]
[EventType "swiss"]
[EventCountry "USA"]
[SourceTitle "playchess.com"]
[Source "ChessBase"]
[SourceQuality "1"]

{[%evp 17,101,29,44,27,24,9,29,20,19,21,30,19,19,27,25,23,31,31,23,24,26,0,0,0,0,0,0,0,0,0,0,0,0,0,-12,-3,0,-30,0,-27,0,0,0,11,25,28,42,0,30,0,50,0,72,69,86,54,146,39,197,199,270,250,242,225,235,248,235,235,450,430,412,382,1120,948,29969,29971,29946,29938,5365,2826,29986,29987,29986,924,912,908]} 1. d4 Nf6 2. c4 g6 3. g3 Bg7 4. Bg2 O-O 5. Nc3 d6 6. Nf3 Nc6 7. O-O e5 8. dxe5 dxe5 9. Bg5 Be6 10. Qc1 {E62: King's Indian: Fianchetto: 6...c6 and Panno Variation (6...Nc6) without ...a6} (10. Qa4 Qb8 11. Bxf6 Bxf6 12. Nd2 Bg7 13. Rfd1 Rd8 14. Nb3 Nd4 15. Nc5 c6 16. e3 Bg4 17. exd4 exd4 18. N3e4 Bxd1 19. Rxd1 {1-0 (32) Carlsen,M (2835)-Firouzja,A (2607) St Petersburg 2018}) 10... Qc8 11. Rd1 Re8 (11... Bxc4 12. Bxf6 Bxf6 13. Ne4 $16) 12. Nd5 {White has an edge.} Nd7 13. Bh6 f6 {[#]} 14. b4 $146 ({Predecessor:} 14. Bxg7 Kxg7 15. b3 Nd8 16. Nd2 Nf7 17. c5 c6 {0-1 (39) Yakubboev,N (2556)-Wang,H (2730) Makati 2018}) 14... Nd8 15. Bxg7 Kxg7 16. Ne3 Nf7 17. a4 c6 18. a5 Qc7 19. c5 Rad8 20. a6 b5 21. cxb6 Qxb6 22. Nd2 Nb8 23. Qc3 Nd6 {[%cal Bf7d6,Bd6b5,Bb5c7][%mdl 32]} 24. Rdc1 Nb5 25. Qb2 Qd4 26. Rc2 $1 Nc7 27. Ra4 Re7 28. Qa3 Red7 (28... Nb5 $5 {[%cal Rb5a3]} 29. Qc1 Red7 $11) 29. Nb3 Bxb3 30. Qxb3 Qb6 31. Nc4 Qd4 $1 (31... Rd1+ $6 32. Bf1 $16) 32. Ne3 Qb6 33. h4 Ncxa6 (33... Nb5 $5 {[%cal Rb5d4]} 34. Qb1 Nd4 $11) 34. Bh3 Re7 (34... Rb7 $11 {keeps the balance.}) 35. Qa3 $16 {[%mdl 1024] White has strong compensation.} Rb7 36. Nc4 Rd1+ (36... Qb5 $1 $14) 37. Bf1 ({Only move:} 37. Kg2 $1 $16 Qc7 38. Rxa6 Nxa6 39. Qxa6) 37... Qd4 $2 ({Black should try} 37... Qb5 $1 $14) 38. Ne3 $1 $18 (38. Rxa6 Rxf1+ 39. Kxf1 Qe4 $11) 38... Rxb4 (38... Rxf1+ {is a better defense.} 39. Nxf1 (39. Kxf1 Qb6 $18) 39... Nxb4) 39. Rxa6 {Played: Rc2-c4} 1-0

[Event "Charlotte Open 2020"]
[Site "Charlotte"]
[Date "2020.01.02"]
[Round "1.7"]
[White "Polgar-Shutzman, Tom"]
[Black "Beradze, Irakli"]
[Result "1/2-1/2"]
[WhiteElo "2233"]
[BlackElo "2487"]
[Annotator "TA"]
[PlyCount "96"]
[EventDate "2020.01.02"]
[EventType "swiss"]
[EventCountry "USA"]
[SourceTitle "playchess.com"]
[Source "ChessBase"]
[SourceQuality "1"]

{[%evp 17,96,0,0,0,1,0,0,0,0,0,0,0,32,17,43,40,27,-7,0,7,25,9,9,0,0,0,0,0,0,0,11,0,0,0,0,0,0,-17,0,-20,-17,-35,0,-18,-9,-8,0,0,0,0,8,8,4,-2,-2,-2,0,-20,-16,-16,0,0,0,0,0,0,0,0,0,0,0,0,0,0,0,0,0,0,0,0,0]} 1. e4 e5 2. Nf3 Nc6 3. Nc3 Nf6 4. d4 exd4 5. Nxd4 Bb4 6. Nxc6 bxc6 7. Bd3 d5 8. exd5 cxd5 9. O-O O-O 10. h3 {C47: Scotch Four Knights and Four Knights with 4 g3} (10. Bg5 c6 11. Qf3 Bd6 12. Rae1 Rb8 13. Nd1 h6 14. Bxf6 Qxf6 15. Qxf6 gxf6 16. b3 f5 17. Ne3 f4 18. Nf5 Bxf5 19. Bxf5 Kg7 20. g3 Kf6 21. Bd3 {½-½ (30) Movsesian,S (2654)-Ding,L (2811) Khanty-Mansiysk 2019}) 10... c6 11. Qf3 Bd6 12. Bf4 Be6 13. Ne2 Re8 14. Rfe1 c5 15. Rad1 Qb6 16. Bxd6 Qxd6 17. Ng3 $146 ({Predecessor:} 17. Nf4 Rab8 {1-0 (31) Muzychuk,M (2466)-Zhao,X (2549) Istanbul 2012}) 17... Qb6 18. b3 Qb4 19. Re2 a5 20. Rde1 a4 21. c3 Qb6 22. Bf5 axb3 23. axb3 Rad8 24. Bxe6 Rxe6 25. Rxe6 fxe6 26. c4 d4 27. Rd1 Re8 28. Rd3 e5 29. Ne4 Kh8 30. Rd2 {The position is equal.} Nxe4 31. Qxe4 $11 {[%mdl 4096] Endgame KQR-KQR} Qg6 32. Qd5 h6 33. Qxc5 Qb1+ 34. Kh2 Qxb3 35. Re2 d3 36. Rd2 e4 37. Qe3 Qc3 38. c5 $1 Re5 39. f3 Rxc5 {[#] And now ...Qe5+ would win.} 40. Qxe4 Qxd2 41. Qe8+ Kh7 42. Qe4+ {[#]} Rf5 $1 {[%mdl 512]} 43. Qxf5+ {KQ-KQ} Kg8 44. Qe6+ Kf8 {Strongly threatening ...Qf4+.} 45. Qd6+ Kf7 46. Qd7+ Kf6 47. Qd6+ Kf5 {( -> ...Qf4+)} 48. Qd5+ Kf6 {Accuracy: White = 58%, Black = 54%.} 1/2-1/2

[Event "Charlotte Open 2020"]
[Site "Charlotte"]
[Date "2020.01.02"]
[Round "1.8"]
[White "Karthik Venkataraman"]
[Black "Xu, Grant"]
[Result "1/2-1/2"]
[WhiteElo "2470"]
[BlackElo "2228"]
[Annotator "TA"]
[PlyCount "166"]
[EventDate "2020.01.02"]
[EventType "swiss"]
[EventCountry "USA"]
[SourceTitle "playchess.com"]
[Source "ChessBase"]
[SourceQuality "1"]

{[%evp 9,166,-28,-32,-26,-22,-43,-24,-41,-26,-17,-22,-90,88,95,94,88,83,45,44,44,104,88,101,97,100,93,117,93,96,97,141,137,129,115,120,110,104,95,118,112,151,152,136,139,139,129,172,155,147,128,151,175,149,143,171,156,206,208,204,179,157,156,187,145,198,0,606,140,143,125,175,167,171,123,181,155,198,198,200,170,228,223,227,181,217,154,152,159,171,189,322,323,359,352,334,298,331,266,237,102,185,135,176,178,171,171,171,0,126,125,143,132,122,0,58,0,0,0,27,0,0,0,0,0,0,0,0,0,10,8,8,8,8,8,81,13,26,14,26,23,37,0,0,0,0,0,0,0,0,0,8,8,8,8,8,8,8,8,8]} 1. g3 d5 2. Bg2 e5 3. Nf3 e4 4. Nd4 c5 5. Nb3 c4 6. Nd4 {A00: Irregular Openings} Bc5 7. c3 Nf6 (7... Nc6 8. Nxc6 bxc6 9. O-O Nf6 10. b3 cxb3 11. axb3 O-O 12. Ba3 Bxa3 13. Nxa3 {½-½ (73) Valerga,D (2442)-Villanueva,M (2481) Buenos Aires 2018}) 8. O-O {Black has an edge.} Bxd4 9. cxd4 Nc6 10. d3 (10. b3 $11) 10... Nxd4 $146 (10... cxd3 $17 11. exd3 Bg4) ({Predecessor:} 10... cxd3 11. exd3 Bg4 12. Qb3 O-O 13. dxe4 Nxd4 14. Qd3 dxe4 15. Qd2 Rc8 16. h3 Rc2 {0-1 (16) Gravett,A-Van Dijk,H (2171) ICCF email 2017}) 11. dxe4 $16 dxe4 12. Be3 $1 Ne6 13. Qa4+ Bd7 14. Qxc4 Rc8 (14... O-O $14) 15. Qb3 O-O 16. Nc3 ({Much weaker is} 16. Qxb7 Bc6 $14) 16... Bc6 17. Bxa7 Qa5 18. Be3 Qh5 19. h3 Qe5 20. Rfd1 h5 21. Qb4 Rfe8 22. Bd4 Nxd4 23. Qxd4 Qf5 24. Qe3 b5 {next ...b4 is good for Black.} 25. Rd4 Nd5 26. Nxd5 Bxd5 27. a3 Rc2 28. Rad1 Re5 29. R4d2 Rc8 30. h4 Qe6 31. Kh2 Re8 32. Rd4 g6 33. Bh3 $1 {[%cal Rh3e6]} Qc6 34. Rc1 Qb6 35. Rc3 Kg7 36. Bg2 R8e6 (36... Qf6 $16 37. Rc7 Bc6) 37. Bh3 $2 (37. Rc8 $18) 37... Rc6 $2 {[%mdl 8192]} (37... Re8 $11) 38. Rxc6 $2 (38. f4 $18 {and the rest is easy.}) 38... Qxc6 39. Qf4 f6 40. Qe3 Re7 41. Rd1 Rc7 (41... Bc4 $16 42. Bg2 Bd5) 42. Bg2 $1 $18 Qe6 43. Rd2 Re7 44. Rd4 Qc6 (44... Bc6 $142 45. Rd8 Re8) 45. Qd2 $1 Bc4 46. Qc2 Qb6 47. e3 Bd3 48. Qc8 Qc7 49. Qa8 $1 f5 (49... Qe5 $142 50. Kg1 Re8) 50. Rd8 $1 Rf7 51. Rg8+ Kh7 52. Rh8+ Kg7 53. Rc8 ({Don't do} 53. Qg8+ Kf6 $18) 53... Qe5 54. Rc3 (54. Re8 $18 {has better winning chances.} Qf6 55. b3) 54... Qf6 (54... Kh7 $16) 55. Qe8 Qe7 {[#]} 56. Qb8 $1 Rf8 {[#]} 57. Qb6 $1 Rf6 58. Qb8 Rf8 $1 {[%cal Rf8b8]} 59. Qf4 Rd8 60. Rc7 Rd7 61. Rc3 (61. Rc6 $16) 61... Qd6 (61... Rd8 $1 $11) 62. Qxd6 (62. f3 $14) 62... Rxd6 $14 {[%mdl 4096] Endgame KRB-KRB} 63. f3 Bc4 64. fxe4 Rd2 {White must now prevent ...Bf1.} 65. Kg1 Rd1+ 66. Kh2 Rd2 $1 67. Kh3 fxe4 68. g4 Be6 69. Kg3 hxg4 70. Bxe4 Rxb2 71. Rc6 Bf7 (71... Bf5 $11 {remains equal.} 72. Bd5 Re2) 72. Rc7 (72. Kxg4 $16 b4 73. a4) 72... Kf6 $1 $11 73. Kxg4 Be6+ 74. Kf4 Rh2 75. Rc6 {Hoping for Bd5.} Rxh4+ {The position is equal.} 76. Kf3 {Strongly threatening Bd5.} Rh3+ 77. Kf2 {Threatens to win with Bd5.} Ke5 78. Bxg6 Rh2+ 79. Kg3 Rb2 80. Rc3 Bd5 {...Rg2+ is the strong threat.} 81. Bd3 b4 82. axb4 Rxb4 83. Be2 Rb3 {Accuracy: White = 59%, Black = 48%.} 1/2-1/2

[Event "Charlotte Open 2020"]
[Site "Charlotte"]
[Date "2020.01.02"]
[Round "1.9"]
[White "Park, Evan"]
[Black "Brodsky, David"]
[Result "0-1"]
[WhiteElo "2175"]
[BlackElo "2466"]
[Annotator "TA"]
[PlyCount "32"]
[EventDate "2020.01.02"]
[EventType "swiss"]
[EventCountry "USA"]
[SourceTitle "playchess.com"]
[Source "ChessBase"]
[SourceQuality "1"]

{[%evp 23,106,24,28,-18,20,-93,-80,-61,-74,-66,-68,-96,-101,-82,-89,-74,-85,-216,-152,-114,-52,-56,-48,-120,-83,-85,-87,-129,-129,-135,-135,-136,-159,-189,-180,-221,-156,-256,-246,-255,-193,-190,-187,-175,-176,-195,-191,-225,-208,-304,-306,-316,-316,-369,-369,-317,-197,-341,-216,-217,-188,-231,-235,-216,-200,-303,-332,-460,-453,-699,-696,-656,-589,-810,-464,-652,-474,-575,-514,-4806,-2145,-29978,-29980,-29978,-29980]} 1. e4 c5 2. Nf3 d6 3. d4 cxd4 4. Nxd4 Nf6 5. Nc3 a6 6. Be3 e5 7. Nb3 Be7 8. f3 Be6 9. Qd2 O-O 10. O-O-O Nbd7 11. g4 b5 12. g5 Nh5 13. Ne2 {B90: Sicilian Najdorf: Unusual White 6th moves, 6 Be3 Ng4 and 6 Be3 e5} (13. Kb1 Nb6 14. Na5 Rc8 15. a3 g6 16. h4 Ng3 17. Rh2 Nxf1 18. Rxf1 h5 19. Bxb6 Qxb6 20. Nd5 Bxd5 21. exd5 {½-½ (35) Navara,D (2739)-Wojtaszek,R (2722) Prague 2019}) 13... Nb6 14. Na5 (14. Ng3 $1 $11 Nf4 15. Kb1) 14... Rc8 $1 $17 (14... Bxa2 $6 15. Nc3 $14) 15. Ng3 {Black is better.} Nf4 16. h4 d5 {Played: Qd8-c7} 0-1